Beyoncé Songs - Sudden Death - Statistics

General Stats
  • This quiz has been taken 3,536 times
    3,530 since last reset
  • The average score is 7 of 16
Answers on the Grid
Answers color-coded by a green-red scale on the quiz's grid according to % correct below.
15 Carriages
6 Inch
7/11
ALIEN SUPERFAN
All Night
ALLIIGATOR TEARS
Baby Girl
Bad Dreams
Best Thing I Never Had
Break My Heart
Canada Has a Problem
Cuff It
Drunk in Love
Formation
Freedom
Grown Woman
If I Were A Girl
II HANDS II HELL
III Most Wanted
Love on Top
Me, Myself, and I
Naughty Boy
OH ARKANSAS
Ring Off
Run The World (Boys)
Sandcastles
Scorpio's Groove
Seven-Card Stud
SUMMER RENAISSANCE
SWEET ★ HONEY ★ CHICKEN
XO
Your House
 
Answer Stats
Answer % Correct
Drunk in Love
66%
7/11
65%
Formation
52%
All Night
51%
Cuff It
51%
Love on Top
48%
Best Thing I Never Had
47%
6 Inch
44%
ALLIIGATOR TEARS
41%
Freedom
40%
Me, Myself, and I
36%
Grown Woman
32%
XO
30%
SUMMER RENAISSANCE
26%
Sandcastles
22%
Ring Off
18%
No matching quizzes found
Score Distribution
Percent of People with Each Score
Percentile by Number Answered
Your Score History
You have not taken this quiz since the last reset